00435nam a2200181 a 4500001001300000003000900013005001700022008004100039020001200080082001600092100001700108245002500125260003200150300000900182500003500191505001000226700001700236nice12345678IN_TiNIC20260116013140.0050524s1970 lona grp 000 0 eng  ac228.900a297.4bSHA7 aShah, Idries aWisdom of the Idiots aLondonbOctagon Pressc1970 a179p aincludes index and biblioraphy2 aIndex1 aShah, Idries